000 00615pam a2200217 a 4500
020 _c380.00 (Paper Binding)
040 _aDental College Lib
041 _aeng
_h
082 _a617.601
_bWHO
100 _aWHO, ..
245 _aOral Health Surveys Bacsic Methods /
_c.
_hTextual Documents
250 _a4th ed /
_b.
260 _aGeneva :
_bWorld Health Organization ,
_c1997.
300 _a204 ;
_c24X17.
365 _a380.00
653 _aCommunity Dentistry
907 _a1556
_a1557
_a1558
_a1559
930 _a696
999 _c40099
_d40099